01491nam a2200265Ia 450000100060000000300090000600800410001504000130005604000130006904100130008210000110009510000290010624500410013524500410017625000110021726000100022826000120023826000490025030000430029950007870034265000180112965000310114770000180117870000290119635854IT-RoPAU130308s9999 xx 000 0 und d aIT-RoPAU cIT-RoPAU aFRANCESE aAA.VV. gCodice Aut. SPICS: 12000 aAnalyse de I'ideologie-2-Thematiques bAnalyse de I'Ideologie-2-Thematiques a1a ed. aPARIS bGalilee c1983 [1° Ed.:1983 - Ed.Ling.Originale:1983] a"480 p. (prefazione: no ; testo: 480)" aAnalisi dell'Ideologia: Ii Volume Sulle Tematiche. contributi di Autori vari membri del Centro Studi del pensiero Politico. concezioni dell'Ideologia: Ideologia e Marxismi: Karl Korsch, Gyorgy Lukacs, Antonio Gramsci, Louis Althusser. Distanzazione e Contestazione: Scuola di Francoforte con Adorno,Rivalutazioni Filosofiche e Sociologiche. spostamenti D'Interesse e rinnovamento delle Conoscenze. Ideologia e Societa': Sociologia e Scienza Politica, forme Giuridiche Sociali e Ideologia, Marxismo e Società. Ideologia e Conoscenza: Ideologia Come limite della Conoscenza,, Individuazione dell'Oggetto e Questioni di Metodo. Studi di Alcuni Casi: Origini e Antropologia Sociale, Ideologia nella Storia. Dibattiti Contemporanei Su: totalitarismo, Liberalismo, Ideologia Economica. aEPISTEMOLOGIA eCodice materia Spics: 3051 aDuprat Gerard gCodice Aut. SPICS: 26469